000 00406nam a22001217a 4500
082 _a200 THE
100 _aMuhammad Shoaib Zafar
_970560
245 _aTH-SOF-1051-NATURAL LANGUAGE PROCESSING FOR EXTRACTING DEFINED PARAMETERS FROM SMS DATA OF ERP SYSTEMS
260 _aISLAMABAD
_bNUST COLLEGE OF EME
_c2014
650 _aMS-CSE-10 MSTHESIS
_970287
700 _aSUPERVISOR Dr. Farooque Azam
942 _cCF
999 _c577534
_d577534